| 000 | 00635nam a2200241Ia 4500 | ||
|---|---|---|---|
| 003 | OSt | ||
| 005 | 20220918183556.0 | ||
| 006 | a|||||r|||| 00| 0 | ||
| 007 | ta | ||
| 008 | 220917b |||||||| |||| 00| 0 eng d | ||
| 024 | _a38,998 | ||
| 037 | _cTextual | ||
| 040 |
_aARTS _cARTS _beng |
||
| 041 |
_2eng _aeng |
||
| 082 | _aO15:1A1:g, 111L2 | ||
| 100 |
_aSitaramian V _963137 |
||
| 245 | 0 | _aValmiki Ramayana | |
| 260 |
_aNew Delhi _bSahitya Akademi _c1972 |
||
| 300 |
_aviii, 186p. _ccm. |
||
| 650 | _aENGLISH LITERATURE | ||
| 942 |
_hO15:1A1:g, 111L2 _cTEXL _2CC |
||
| 999 |
_c173104 _d173104 |
||